• 首页
  • 本馆介绍
  • 公告通知
  • 最新文献
  • 馆藏检索
  • 电子资源
  • 读者导购
  • 参考咨询
  • 我的图书馆
  • 登录
  • 详细信息显示
  • 放入我的书架
  • 预约/预借图书
  • 作者相关作品
  • 分类相关作品
  • 丛书相关作品
  • 出版社相关作品

书目信息

  • 表格格式
  • 工作单格式
  • 卡片格式
题名:
基于颗粒阻尼技术的结构振动控制
    
 
作者: 鲁正 , 吕西林 著
分册:  
出版信息: 北京   机械工业出版社  2018
页数: 202页
开本: 26cm
丛书名:
单 册:
中图分类: TB123
科图分类:
主题词: 结构振动控制--jie gou zhen dong kong zhi
电子资源:
ISBN: 978-7-111-59964-7
000 01178nam0 2200301 450
001 012001001625
005 20140108151637.0
010    @a978-7-111-59964-7@dCNY59.00
099    @aCAL 012018132683
100    @a20181024d2018 em y0chiy50 ea
101 0  @achi
102    @aCN@b110000
105    @aa a 000yy
106    @ar
200 1  @a基于颗粒阻尼技术的结构振动控制@Aji yu ke li zu ni ji shu de jie gou zhen dong kong zhi@f鲁正, 吕西林著
210    @a北京@c机械工业出版社@d2018
215    @a202页@c图@d26cm
306    @a国家科学技术学术著作出版基金资助出版
312    @a英文并列题名取自封面
320    @a有书目 (第192-202页)
330    @a本书对颗粒阻尼技术应用于结构振动控制中进行了探讨,全书共分9章:结构振动控制概述;颗粒阻尼技术起源及发展应用; 颗粒阻尼理论分析与数值模拟;单自由度结构附加颗粒阻尼器的性能分析;多自由度结构附加颗粒阻尼器的性能分析等。
510 1  @aParticle damping technology based structural vibration control@zeng
606 0  @a结构振动控制@Ajie gou zhen dong kong zhi
690    @aTB123@v4
701  0 @a鲁正@Alu zheng@4著
701  0 @a吕西林@Alv xi lin@4著
801  0 @aCN@b北京卓展@c20191020
905    @b1202272-5@dTB123@e203@f4
    
    基于颗粒阻尼技术的结构振动控制/鲁正, 吕西林著.-北京:机械工业出版社,2018
    202页:图;26cm
    
    
    ISBN 978-7-111-59964-7:CNY59.00
    本书对颗粒阻尼技术应用于结构振动控制中进行了探讨,全书共分9章:结构振动控制概述;颗粒阻尼技术起源及发展应用; 颗粒阻尼理论分析与数值模拟;单自由度结构附加颗粒阻尼器的性能分析;多自由度结构附加颗粒阻尼器的性能分析等。
●
相关链接 在E读中查询图书 在五车中查询图书 在当当中查询图书 在豆瓣中查询图书


正题名:基于颗粒阻尼技术的结构振动控制     索取号:TB123/203         预约/预借

序号 登录号 条形码 馆藏地/架位号 状态 备注
1 1202272   212022728   第二样本阅览室/ [索取号:TB123/203] 在馆    
2 1202273   212022737   第三借阅区/ [索取号:TB123/203] 在馆    
3 1202274   212022746   第三借阅区/ [索取号:TB123/203] 在馆    
4 1202275   212022755   第三借阅区/ [索取号:TB123/203] 在馆    
唐山师范学院图书馆 欢迎您!
大连网信软件有限公司© 版权所有